| 000 | 00000nas 2200000za 4500 |
| 001 | 9.843797 |
| 003 | CaOODSP |
| 005 | 20221107152614 |
| 007 | cr ||||||||||| |
| 008 | 170915d19841986oncar p oss f0###b0fre|d |
| 022 | |y0833-529X |
| 040 | |aCaOODSP|bfre |
| 041 | |aeng|afre |
| 043 | |an-cn--- |
| 086 | 1 |aCS17-602-PDF |
| 245 | 00|aUrban FSA and rural postal code summary data, Canada |h[ressource électronique] / |cStatistics Canada, Small Area and Administrative Data Division = Tableaux sommaires pour RTA urbaines et codes postaux ruraux, Canada / Statistique Canada, Division des données régionales et administratives. |
| 246 | 11|aTableaux sommaires pour RTA urbaines et codes postaux ruraux, Canada |
| 260 | |aOttawa : |bStatistics Canada = Statistique Canada, |c1986-1988. |
| 310 | |aAnnuel |
| 362 | 0 |a1984-1986. |
| 500 | |aÉdition numérisée de l’imprimé [par Statistique Canada]. |
| 546 | |aTexte en anglais et en français. |
| 692 | 07|2gccst|aStatistique |
| 692 | 07|2gccst|aService postal |
| 710 | 1 |aCanada. |bStatistique Canada. |bDivision des données régionales et administratives. |
| 785 | 00|tDemographic and income statistics for postal areas, Canada |w(CaOODSP)9.843790 |
| 791 | |tUrban FSA and rural postal code summary data, Canada |eeng|w(CaOODSP)9.843793 |